[Collection of material relating to the history of Hammersmith Chapel and surrounding area] (Record no. 116713)

MARC details
000 -LEADER
fixed length control field 00704ctc a22001935a 4500
001 - CONTROL NUMBER
control field L141357
008 - FIXED-LENGTH DATA ELEMENTS--GENERAL INFORMATION
fixed length control field 071119s1858 xxk eng u
035 ## - SYSTEM CONTROL NUMBER
System control number (Sirsi) u141357
041 0# - LANGUAGE CODE
Language code of text/sound track or separate title eng
245 01 - TITLE STATEMENT
Title [Collection of material relating to the history of Hammersmith Chapel and surrounding area]
Medium [manuscript]
260 ## - PUBLICATION, DISTRIBUTION, ETC.
Date of publication, distribution, etc. ca. 1858
300 ## - PHYSICAL DESCRIPTION
Extent 4 items
Dimensions 19 x 11 cm.
340 ## - PHYSICAL MEDIUM
Material base and configuration Ink on paper
351 ## - ORGANIZATION AND ARRANGEMENT OF MATERIALS
Hierarchical level Fonds
500 ## - GENERAL NOTE
General note Correspondence and notes found inserted inside the second (unmarked) copy of Thomas Faulkner's 'The history and antiquities of Hammersmith' (1839) when it was sent for rebinding in December 1975.
651 4# - SUBJECT ADDED ENTRY--GEOGRAPHIC NAME
Geographic name London
690 ## - LOCAL SUBJECT ADDED ENTRY--TOPICAL TERM (OCLC, RLIN)
Topical term or geographic name as entry element BUILT ENVIRONMENT
942 ## - ADDED ENTRY ELEMENTS (KOHA)
Suppress in OPAC 0
Holdings
Withdrawn status Lost status Source of classification or shelving scheme Damaged status Not for loan Home library Current library Shelving location Date acquired Total Checkouts Full call number Barcode Date last seen Copy number Price effective from Koha item type
    Dewey Decimal Classification     London London Basement 19/11/2007   BASEMENT BOX 4 141357-1001 06/08/2019 1 06/08/2019 Archive